[Event "WC-2022-S-00006"]
[Site "LSS email"]
[Date "2022.06.21"]
[Round "?"]
[White "Kolanek, Roman"]
[Black "Kolanek, Sylwia"]
[Result "1-0"]
[WhiteElo "2137"]
[BlackElo "2098"]
[PlyCount "85"]
[EventDate "2022.06.21"]
[EventType "tourn (corr)"]
[EventRounds "12"]
[EventCountry "GER"]
[SourceTitle "Corr 2024"]
[Source "ChessBase"]
[SourceDate "2023.10.19"]
[SourceVersion "1"]
[SourceVersionDate "2023.10.19"]
[SourceQuality "1"]

1. Nf3 d5 2. d4 Nf6 3. c4 e6 4. Nc3 Nbd7 5. cxd5 exd5 6. Qc2 c6 7. Bg5 Be7 8. e3 Nh5 9. Bxe7 Qxe7 10. Be2 0-0 11. Bd3 Ndf6 12. Ne5 Re8 13. 0-0-0 c5 14. Rhe1 Be6 15. f3 cxd4 16. exd4 Nf4 17. Bb5 Red8 18. Kb1 a6 19. Ba4 b5 20. Bb3 Qc7 21. Qd2 Ng6 22. g4 Rac8 23. Ne2 Nxe5 24. dxe5 Qxe5 25. Nf4 Qd6 26. g5 Ne8 27. Nxe6 fxe6 28. h4 Rd7 29. h5 Rf7 30. Qe3 Rc6 31. Bc2 Rf8 32. Rc1 Nc7 33. Qa7 Ne8 34. Qe3 Qd7 35. a3 Rc8 36. Qd3 Rf5 37. Qe3 Rf8 38. Qxe6+ Qxe6 39. Rxe6 Rd8 40. Rxa6 Rxf3 41. Rb6 Rg3 42. g6 hxg6 43. Bxg6 1-0

[Event "WC-2022-S-00006"]
[Site "LSS email"]
[Date "2022.06.21"]
[Round "?"]
[White "Vodicka, Milan"]
[Black "Kolanek, Roman"]
[Result "1/2-1/2"]
[WhiteElo "2014"]
[BlackElo "2137"]
[PlyCount "45"]
[EventDate "2022.06.21"]
[EventType "tourn (corr)"]
[EventRounds "12"]
[EventCountry "GER"]
[SourceTitle "Corr 2024"]
[Source "ChessBase"]
[SourceDate "2023.10.19"]
[SourceVersion "1"]
[SourceVersionDate "2023.10.19"]
[SourceQuality "1"]

1. d4 Nf6 2. c4 e6 3. Nf3 d5 4. Nc3 c6 5. Bg5 h6 6. Bxf6 Qxf6 7. e3 Nd7 8. Bd3 dxc4 9. Bxc4 g6 10. 0-0 Bg7 11. Ne4 Qe7 12. Qc2 0-0 13. Bb3 a5 14. Rac1 Nf6 15. Ng3 Bd7 16. e4 a4 17. Bc4 b6 18. Rfd1 c5 19. e5 Nd5 20. dxc5 bxc5 21. Bxd5 exd5 22. Rxd5 c4 23. Rd6 1/2-1/2

[Event "LSS No Engine Cup 219 Final"]
[Site "LSS email"]
[Date "2022.01.14"]
[Round "?"]
[White "Schleef, Harald"]
[Black "Kolanek, Roman"]
[Result "1/2-1/2"]
[WhiteElo "2369"]
[BlackElo "2330"]
[PlyCount "50"]
[EventDate "2022.01.14"]
[EventType "tourn (corr)"]
[EventRounds "6"]
[EventCountry "GER"]
[SourceTitle "Corr 2024"]
[Source "ChessBase"]
[SourceDate "2023.10.19"]
[SourceVersion "1"]
[SourceVersionDate "2023.10.19"]
[SourceQuality "1"]

1. e4 c5 2. Nf3 d6 3. d4 cxd4 4. Nxd4 Nf6 5. Nc3 a6 6. g3 e5 7. Nb3 Be7 8. Bg2 0-0 9. 0-0 b5 10. a4 b4 11. Nd5 a5 12. Be3 Nxd5 13. Qxd5 Ra6 14. Rfc1 Be6 15. Qd3 h6 16. Bf1 Ra8 17. f4 exf4 18. gxf4 Nd7 19. Bg2 Re8 20. Nd4 Nc5 21. Nxe6 Nxe6 22. Rab1 Rc8 23. c3 bxc3 24. Rxc3 Rxc3 25. Qxc3 Bf6 1/2-1/2

[Event "LSS SA-2022-0-00786"]
[Site "LSS email"]
[Date "2022.01.07"]
[Round "?"]
[White "Catozzi, Mauro"]
[Black "Kolanek, Roman"]
[Result "1/2-1/2"]
[WhiteElo "2180"]
[BlackElo "2120"]
[PlyCount "52"]
[EventDate "2021.12.19"]
[EventType "tourn (corr)"]
[EventRounds "6"]
[EventCountry "GER"]
[SourceTitle "Corr 2024"]
[Source "ChessBase"]
[SourceDate "2023.10.19"]
[SourceVersion "1"]
[SourceVersionDate "2023.10.19"]
[SourceQuality "1"]

1. e4 c5 2. Nf3 d6 3. d4 cxd4 4. Nxd4 Nf6 5. Nc3 a6 6. h3 e5 7. Nde2 h5 8. Bg5 Be6 9. g3 Be7 10. Bg2 b5 11. 0-0 0-0 12. Nf4 exf4 13. e5 dxe5 14. Qxd8 Rxd8 15. Bxa8 fxg3 16. fxg3 Nbd7 17. Bg2 Rc8 18. Rfe1 Ba3 19. Nd1 Bf8 20. Nc3 Bc5+ 21. Be3 Bxe3+ 22. Rxe3 b4 23. Na4 Rxc2 24. Ree1 Bf5 25. b3 e4 26. Rec1 Rd2 1/2-1/2